Lively Letters Logic Puzzle II Quiz Stats

 Plays Quiz Updated Nov 16, 2015

Challenge
Share
Tweet
Score 0/25 Timer 20:00
0 Plays Today
% Correct




A1
???
100%




C4
???
71.2%




A2
???
61.3%




A5
???
48.3%




E1
???
48.2%




D2
???
46.8%




C5
???
40.1%




D1
???
39.6%




D5
???
36.6%




D3
???
36.6%




B5
???
28.9%




A4
???
25.5%




A3
???
25.4%
% Correct




E4
???
22.7%




E2
???
21.6%




E3
???
20.3%




B1
???
20%




D4
???
17.7%




C1
???
16.7%




E5
???
16.6%




B4
???
15.2%




C3
???
13.2%




B2
???
11.5%




C2
???
11.1%




B3
???
10.2%

You're not logged in!

Compare scores with friends on all Sporcle quizzes.
OR
Log In

You Might Also Like...

Show Comments

Extras

Top Quizzes Today


Score Distribution

Your Account Isn't Verified!

In order to create a playlist on Sporcle, you need to verify the email address you used during registration. Go to your Sporcle Settings to finish the process.

Report this User

Report this user for behavior that violates our Community Guidelines.

Details: